Advances in conjugated linoleic acid research /

Guardado en:
Otros Autores: Yurawecz, Martin P., (Editor , ed.)
Formato: Libro
Idioma:English
Publicado: Champaign, Ill. : AOCS Press, c1999-2003.
Materias:
Etiquetas: Agregar Etiqueta
Sin Etiquetas, Sea el primero en etiquetar este registro!
LEADER 01167cam a22003015a 4500
001 EIQ.libpla000591
008 990520m19992003ilua#####b####001#0#eng#d
005 20060322143300.0
245 0 0 |a Advances in conjugated linoleic acid research /  |c editors, Martin P. Yurawecz ... [et al.]. 
260 |a Champaign, Ill. :  |b AOCS Press,  |c c1999-2003. 
300 |a 2 v. :  |b il. ;  |c 24 cm. 
500 |a La descripción se basó en el vol. 1. 
504 |a Incluye referencias bibliográficas e índice. 
020 |a 1893997022 (v. 1) 
020 |a 1893997286 (v. 2) 
700 1 |a Yurawecz, Martin P.,  |e ed.  |4 edt 
082 0 0 |a 612.3/97  |2 21 
650 4 |a Acido linoleico  |x Metabolismo. 
650 4 |a Fisiología humana  |x Acidos grasos. 
650 4 |a Alimento  |x Contenido graso. 
650 4 |a Acidos grasos  |x Aspectos de la salud. 
650 4 |a Human physiology  |x Acids, Fatty. 
650 0 |a Linoleic acid  |x Metabolism. 
650 4 |a Fatty acids  |x Health aspects. 
010 |a  99032986   |z  2003005907 
040 |a DLC  |c DLC  |d AR-BbSID 
859 |a AR-BbSID  |b BIB. PLAPIQUI  |h 612.397  |i Ad 95  |p 5830  |v Vol. 1  |3 Vol. 1 
859 |a AR-BbSID  |b BIB. PLAPIQUI  |h 612.397  |i Ad 95  |p 5831  |v Vol. 2  |3 Vol. 2